000 01927cam a2200505 a 4500
001 childrensliterat00rudm
003 CaSfIA
005 20230525155036.0
007 cr||||
008 831017s1984 nyu b 001 0 eng
010 _a 83022217
040 _aDLC
_cDLC
_dPSM
_dBTCTA
_dLVB
_dYDXCP
_dGEBAY
_dCaSfIA
020 _a0582283981 :
_c$25.00
020 _a9780582283985
020 _a0582283973 (pbk.) :
_c$14.95
020 _a9780582283978 (pbk.)
035 _a(OCoLC)10072935
050 0 0 _aPN1009.A1
_bR8 1984
082 0 0 _a028.1/6
_220
100 1 _aRudman, Masha Kabakow.
245 1 0 _aChildren's literature :
_h[electronic resource]
_ban issues approach /
_cMasha Kabakow Rudman.
250 _a2nd ed.
260 _aNew York :
_bLongman,
_cc1984.
300 _axvi, 476 p. ;
_c24 cm.
504 _aIncludes bibliographies and indexes.
505 0 _aFamily -- Sex -- Gender roles -- Heritage -- Special needs -- Old age -- Death -- War -- Methodology.
650 0 _aChildren's literature
_xHistory and criticism.
650 0 _aChildren's literature
_vBibliography.
650 0 _aChildren
_xBooks and reading.
650 6 _aLittérature de jeunesse
_xHistoire et critique.
650 6 _aLittérature de jeunesse
_vBibliographie.
650 0 7 _aKinderliteratur
_2swd
650 0 7 _aThema
_2swd
650 0 7 _aBibliographie
_2swd
650 0 7 _aMotiv
_2swd
776 0 8 _iOnline version:
_aRudman, Masha Kabakow.
_tChildren's literature.
_b2nd ed.
_dNew York : Longman, c1984
_w(OCoLC)607200239
856 4 1 _uhttp://www.archive.org/details/childrensliterat00rudm
_zFree eBook from the Internet Archive
856 4 2 _uhttp://www.openlibrary.org/books/OL3179627M
_zAdditional information and access via Open Library
029 1 _aNLGGC
_b833246259
029 1 _aNZ1
_b2836979
029 1 _aAU@
_b000003014658
029 1 _aHEBIS
_b055420842
029 1 _aGEBAY
_b316572
029 1 _aDEBBG
_bBV000220476
999 _c21493
_d21493